Essential Pediatric Nursing (Record no. 541129)

MARC details
000 -LEADER
fixed length control field 00414nam a2200157Ia 4500
008 - FIXED-LENGTH DATA ELEMENTS--GENERAL INFORMATION
fixed length control field 240825s9999 xx 000 0 und d
020 ## - INTERNATIONAL STANDARD BOOK NUMBER
ISBN 9789354650024
Paper back/Hardbound pbk
082 ## - DEWEY DECIMAL CLASSIFICATION NUMBER
Classification number 618.92
Item number GUP
100 ## - MAIN ENTRY--AUTHOR NAME
Personal name Gupta, Piyush
245 #0 - TITLE STATEMENT
Title Essential Pediatric Nursing
Statement of responsibility, etc / Piyush Gupta
250 ## - EDITION STATEMENT
Edition statement 5th edition
260 ## - PUBLICATION, DISTRIBUTION, ETC. (IMPRINT)
Name of publisher Jaypee
Year of publication 2023
300 ## - PHYSICAL DESCRIPTION
Number of Pages 628 pages
650 ## - SUBJECT ADDED ENTRY--TOPICAL TERM
Topical Term Medical Sciences , Medicine
942 ## - ADDED ENTRY ELEMENTS (KOHA)
Koha item type English Books
Holdings
Withdrawn status Lost status Damaged status Not for loan Home library Current library Shelving location Date acquired Full call number Accession Number Price effective from Koha item type
        Anna Centenary Library Anna Centenary Library 5TH FLOOR, B WING 02.04.2024 618.92 GUP 671203 25.08.2024 English Books
        Anna Centenary Library Anna Centenary Library 5TH FLOOR, B WING 02.04.2024 618.92 GUP 671204 25.08.2024 English Books

Find us on the map